MDQL
is popping MORE tags! Check the
thread
!
Quizzes
Events
Quiz Creation
Community
Videos
Private Events
Remove Ads
Sign In
Join for FREE
Feedback
Dark Mode
Quiz Categories
Sports
Geography
Music
Movies
Television
Just For Fun
Miscellaneous
History
Literature
Language
Science
Gaming
Entertainment
Religion
Holiday
For Kids
Quiz Lab
Recent
Popular Today
Quiz Kudos Today
Editor Picks
Curator Picks
Quizzes by...
Day
Popularity
Type
Ratings
Length
Year
Community
Subscriptions
Recent Discussions
Orange Saloon
Badges
Playlists
Quests
Create
Leaderboards
Showdown
Live 5
Trivia Bingo
Activity
Puzzle Library
Sporcle Events
Private Events
Virtual Trivia
Globe League
Become a Host
Pub Owners
SporcleCon
Opinionation
Our Games
Videos
Blog
Mobile Apps
Partnerships
Remove Ads and Go Orange
Feedback
Language
Vocabulary
Begins and Ends
Definition
Spanish
French
German
Italian
Chinese
Latin
Translation
Japanese
Language
Vocabulary
Begins and Ends
Definition
Spanish
French
German
Italian
Chinese
Latin
Translation
Japanese
Random Quiz
Search Sporcle
×
Quiz Lab
Quiz Lab
Language
Spanish
Type in answers that appear in a list
Type in answers that appear in a list
Classic
Best Score? Go Orange.
Chapter 7 Spanish Stats
Can you name the Spanish Vocab?
By
a55h0l3
20m
83 Questions
5 Plays
5 Plays
5 Plays
Comments
Comments
Give Quiz Kudos
Give Quiz Kudos
-
- Ratings
hide this ad
Wrong Answers
Some wrong answers will appear in red
Some wrong answers will appear in red
Replay
Link that replays current quiz
Next Quiz
Link to next quiz in quiz playlist
You Got
0%
They Got
Avg Score
12%
Avg Friend Score
Upgrade to see
Score Distribution
Jump to the score distribution portion of the page
Score
0/83
Timer
20:00
0
Plays Today
Spanish Word
English Word
% Correct
la cara
???
100%
La boca
???
80%
el brazo
???
80%
despertarse
???
80%
Afeitarse
???
60%
Antes De
???
60%
Bañarse
???
60%
el cepillo de dientes
???
60%
los dientes
???
60%
encontrar
???
60%
la espalda
???
60%
estar listo
???
60%
los hombros
???
60%
lavarse
???
60%
Acostarse
???
40%
el jabón
???
40%
estirarse
???
20%
levantar pesas
???
20%
Acabar de
???
0%
entrenarse
???
0%
Levantarse
???
0%
el maquillaje
???
0%
maquillarse
???
0%
la nariz
???
0%
la navaja
???
0%
la pantorrilla
???
0%
la pasta de dientes
???
0%
el pecho
???
0%
Spanish Word
English Word
% Correct
peinarse
???
0%
el peine
???
0%
la pierna
???
0%
el piyama
???
0%
ponerse
???
0%
preparase
???
0%
¿Qué te falta hacer?
???
0%
quitarse
???
0%
la secadora de pelo
???
0%
secarse
???
0%
la tolla
???
0%
vestirse
???
0%
mantenerse
???
0%
¿Qué haces para relajarte?
???
0%
bajar de peso
???
0%
buscar un pasatiempo
???
0%
la cabeza
???
0%
caminar
???
0%
el cuello
???
0%
los dedos
???
0%
dejar de fumar
???
0%
doler
???
0%
enojarse
???
0%
es que...
???
0%
estar aburrido
???
0%
estar cansado
???
0%
estar contento
???
0%
estar enfermo
???
0%
Spanish Word
English Word
% Correct
estar enojado
???
0%
estar nervioso
???
0%
estar triste
???
0%
el estómago
???
0%
la garganta
???
0%
hacer yoga
???
0%
las manos
???
0%
Me duele
???
0%
el oído
???
0%
los pies
???
0%
¿Qué te pasa?
???
0%
¿Qué tiene...?
???
0%
seguir una dieta sana
???
0%
sentirse
???
0%
subir de peso
???
0%
¿Te duele algo?
???
0%
te veo mal
???
0%
tener catarro
???
0%
demasiado
???
0%
dormir lo sufficiente
???
0%
ni
???
0%
no debes...
???
0%
para cuidarte la salud
???
0%
Para cuidarte mejor
???
0%
Tanta grasa
???
0%
tanto dulce
???
0%
tanto
???
0%
Quiz Playlist
Details
Report
Send in Message
Add To Playlist
Classic:
Type in answers that appear in a list
Wrong Answers:
Some wrong answers will appear in red
Last Updated: Feb 16, 2017
Quiz Scoreboard
CHALLENGE
Sign Up to Join the Scoreboard
Show All
Scores
Hide
Comments
May contain spoilers
Recently Published
1-10 Letter E Words III
by El_Dandy
Language
2m
Street Fighter Characters
by Artimus82
Gaming
60s
College Basketball Coaching Resumes
by pancakes188
Sports
9m
More to Explore
Quiz From the Vault
Featured Blog Post
Where Did the Easter Bunny Come From?
hide this ad
You Might Also Like...
Tags
Spanish Quiz
Chapter
English
Today's Top Quizzes in Language
Browse Language
hide this ad
Today's Top Quizzes in Spanish
Browse Spanish
Top Contributed Quizzes in Language
1
1-10 Letter F Words III
2
1-10 Letter G Words III
3
1-10 Letter H Words III
4
Celtic Nations in their Language
5
Alphabetize! : 'As' words
6
1-10 Letter I Words III
7
One Thing in Common: Italy
8
1-10 Letter J Words III
9
Order Up: Top 10 Most Native Spoken Languages
10
Weisst du, aus welchen Sprachen diese Wörter stammen?
Explore More
Trending Topics
Harry Potter
Anime
Disney
Marvel
Crossword
NBA
Kpop
Song
Soccer
Country
Pokémon
Puzzle
The Office
NFL
WWE
hide this ad
More By:
a55h0l3
Quiz
Plays
Rating
Category
Featured
Created
Chapter 7 Spanish
5
1.00
Language
Apr 18, 2013
Go to Creator's Profile
Score Distribution
Quiz Creator Spotlight
a55h0l3
Follow
Send a Message
Quizzes Created
-
Created Quiz Play Count
-
More By This Creator
Popular Quizzes Today
1
Find the US States - No Outlines Minefield
2
Find the Countries of Europe - No Outlines Minefield
3
The Countries of the World
4
Find the US States
5
Risky Map Clicking: Biggest States A-Z
6
US States
7
Popular People in 1961
8
Movies - When Are They Set?
More Language Quizzes
One-Minute Crossword XLVII
Published
Trending Quizzes
Risky Map Clicking: Least Populous States A-Z
Billboard Blitz: Aretha Franklin
1-10 Letter G Words
Countries of the World: 200 Million BC
1-10 Letter F Words
Recently Updated
Leaping Animals
pecheneg
Reality TV Shows (A-Z)
bhenderson79
Rickey Henderson's Hall of Fame Teammates
pecheneg
Champions League XIs: Arsenal
pecheneg
Quick Pick: Celebrities in WWE's Hall of Fame
aduchscher
A-Z Keypad Blitz II
pecheneg
Multiple Oscar Actors
pecheneg
Mystery Phrase Blitz: Oscar 'Best Actors'
pecheneg
F. Scott Fitzgerald Novels
LTH
Pick 3 Villains
ddd62291
Trending Topics
Marvel
NBA
Crossword
Anime
Disney
Kpop
Harry Potter
Song
Puzzle
NFL
Soccer
Country
WWE
The Office
Pokémon
Your Account Isn't Verified!
In order to create a playlist on Sporcle, you need to verify the email address you used during registration. Go to your
Sporcle Settings
to finish the process.
Report this User
Report this user for behavior that violates our
Community Guidelines
.
Details:
Send Report
Go to the Sporcle.com Mobile Site →
Comments